<?xml version="1.0" encoding="UTF-8"?>
<record
    xmlns:xsi="http://www.w3.org/2001/XMLSchema-instance"
    xsi:schemaLocation="http://www.loc.gov/MARC21/slim http://www.loc.gov/standards/marcxml/schema/MARC21slim.xsd"
    xmlns="http://www.loc.gov/MARC21/slim">

  <leader>00514nam a2200181Ia 4500</leader>
  <controlfield tag="008">230718s9999    xx            000 0 und d</controlfield>
  <datafield tag="020" ind1=" " ind2=" ">
    <subfield code="a">9788126531875</subfield>
  </datafield>
  <datafield tag="041" ind1=" " ind2=" ">
    <subfield code="a">eng</subfield>
  </datafield>
  <datafield tag="082" ind1=" " ind2=" ">
    <subfield code="a">697</subfield>
    <subfield code="b">MCQ</subfield>
  </datafield>
  <datafield tag="100" ind1=" " ind2=" ">
    <subfield code="a">McQuiston F.C.</subfield>
    <subfield code="9">199662</subfield>
  </datafield>
  <datafield tag="245" ind1=" " ind2=" ">
    <subfield code="a">Heating, Ventilating And Air Conditioning</subfield>
    <subfield code="b">Analysis And Design</subfield>
  </datafield>
  <datafield tag="250" ind1=" " ind2=" ">
    <subfield code="a">6th ed.</subfield>
  </datafield>
  <datafield tag="260" ind1=" " ind2=" ">
    <subfield code="c">2014</subfield>
    <subfield code="b">Wiley</subfield>
  </datafield>
  <datafield tag="300" ind1=" " ind2=" ">
    <subfield code="a">623</subfield>
  </datafield>
  <datafield tag="365" ind1=" " ind2=" ">
    <subfield code="c">Rs.</subfield>
    <subfield code="b">599.00</subfield>
  </datafield>
  <datafield tag="700" ind1=" " ind2=" ">
    <subfield code="a">McQuiston F.C.</subfield>
    <subfield code="9">199662</subfield>
  </datafield>
  <datafield tag="906" ind1=" " ind2=" ">
    <subfield code="d">O:0361414-Oct-2016B:SE/SI/340503-Oct-2016</subfield>
    <subfield code="c">MECH</subfield>
    <subfield code="b">161.73</subfield>
  </datafield>
  <datafield tag="999" ind1=" " ind2=" ">
    <subfield code="c">343611</subfield>
    <subfield code="d">343611</subfield>
  </datafield>
  <datafield tag="952" ind1=" " ind2=" ">
    <subfield code="0">0</subfield>
    <subfield code="1">0</subfield>
    <subfield code="4">0</subfield>
    <subfield code="7">0</subfield>
    <subfield code="a">CCEP</subfield>
    <subfield code="b">CCEP</subfield>
    <subfield code="d">2016-10-24</subfield>
    <subfield code="e">Suyog Enterprises</subfield>
    <subfield code="f">MECH</subfield>
    <subfield code="g">437.27</subfield>
    <subfield code="i">SE/SI/3405</subfield>
    <subfield code="l">0</subfield>
    <subfield code="o">697</subfield>
    <subfield code="p">CCEP-BK-54818</subfield>
    <subfield code="r">2023-07-18 00:00:00</subfield>
    <subfield code="t">161.73</subfield>
    <subfield code="v">599.00</subfield>
    <subfield code="w">2016-10-03</subfield>
    <subfield code="y">BK</subfield>
    <subfield code="z">054818</subfield>
  </datafield>
</record>
